| 000 | 00887nam a2200241Ia 4500 | ||
|---|---|---|---|
| 003 | CO-CtgCURN | ||
| 005 | 20250407223353.0 | ||
| 008 | 190722s9999 xx 000 0 und d | ||
| 020 | _a9789588392028 | ||
| 040 |
_aCO-CtgCURN _bspa _ccoctgcurn |
||
| 082 |
_a342.861 _bO42h |
||
| 100 | _aOlano García, Hernan Alejandro | ||
| 245 | 0 |
_aHistoria constitucional comparada de Colombia / _cHernan Alejandro Olano García |
|
| 260 |
_aBogotá, Colombia : _bGraficas Ducal, _c2008 |
||
| 300 |
_a230 páginas ; _c21 centímetros |
||
| 490 | _aSerie Investigaciones | ||
| 521 | _aAREA PROFESIONAL | ||
| 590 | _aPrograma de Derecho_18 | ||
| 650 |
_aDerecho constitucional y administrativo _zColombia |
||
| 942 |
_cBK _h342.861 _iO42h _02 _2ddc _n0 |
||
| 999 |
_c28533 _d28533 |
||